000 00636nam a2200241Ia 4500
008 160303s9999 xx 000 0 und d
020 _a971-08-6375-4
050 _aFIL HD 6971.5
050 _b.E37 2003
100 _aEdralin, Divina M.
245 _aCollective bargaining in the Philippines /
245 _cDivina M. Edralin.
260 _aMandaluyong:
260 _bNational Book Store,
260 _c2003
300 _a470 pages :
300 _billustrations ;
300 _c25 cm.
650 _aCollective bargaining --
650 _aIndustrial relations --
650 _xPhilippines.
650 _xPhilippines.
999 _c291454
_d291454